MARC

LEADER 00000nam0a2200000 4500
001 350864
005 20231102010339.0
035 |a (RuTPU)RU\TPU\retro\5237 
090 |a 350864 
100 |a 20190313d1954 k y0rusy50 ca 
101 0 |a rus 
102 |a BY 
105 |a a z 010zy 
200 1 |a Юбилейный сборник 1933-1953  |e сборник статей и материалов  |f Белорусский политехнический институт 
210 |a Минск  |c Изд-во Академии наук БССР  |d 1954 
215 |a 179 с.  |c ил. 
317 |5 63413507: КР-6233  |a Поступил в НТБ в 1987 г. в дар от вдовы ученого Е. К. Завадовской 
601 0 2 |a Белорусский политехнический институт  |2 stltpush  |3 (RuTPU)RU\TPU\col\9062  |9 24646 
606 1 |a Высшие технические учебные заведения  |2 stltpush  |3 (RuTPU)RU\TPU\subj\3996  |9 32316 
610 1 |a высшее образование 
610 1 |a техническое образование 
610 1 |a 20 век 
610 1 |a история 
610 1 |a студенчество 
610 1 |a физическое воспитание 
610 1 |a библиотеки 
610 1 |a факультеты 
610 1 |a подготовка 
610 1 |a кафедры 
610 1 |a Белорусская ССР 
610 1 |a студенты 
610 1 |a библиотека А. А. Воробьева 
610 1 |a дары библиотеке 
610 1 |a дары 
686 |a Ч484(2)72  |v LBC/SL-A  |2 rubbk 
712 0 2 |a Белорусский политехнический институт  |2 stltpush  |3 (RuTPU)RU\TPU\col\9062  |9 24646 
801 1 |a RU  |b 63413507  |c 20190313 
801 2 |a RU  |b 63413507  |c 20190516  |g RCR 
942 |c BK